000 01045cam a2200289 a 4500
999 _c331699
_d331699
001 14983072
003 NUST
005 20171016112652.0
008 070828r20071976pk b 001 0 eng
010 _a 2007432452
020 _a9789693519808
020 _a9693519809
025 _aP-E-2007432452; 20
040 _aDLC
_cDLC
043 _aa-pk---
050 0 0 _aJQ559.A45
_bA9 2007
082 _a954.91
_bAZI
100 1 _aAziz, Khursheed Kamal.
_95467
245 1 0 _aParty politics in Pakistan, 1947-1958 /
_cby K.K. Aziz.
260 _aLahore :
_bSang-E-Meel Publications,
_c2007.
300 _ax, 302 p.
_c24 cm.
500 _aOriginally published: Islamabad : National Commission on Historical and Cultural Research, 1976.
504 _aIncludes bibliographical references (p. 289-294) and index.
650 0 _aPolitical parties
_zPakistan.
_94599
651 0 _aPakistan
_xPolitics and government.
_9206
906 _a7
_bcbc
_corigcop
_d3
_encip
_f20
_gy-gencatlg
942 _2ddc
_cBK